Manual de calidad total para operarios con la norma ISO 9000

Bibliographic Details
Main Author: Sosa Pulido, Demetrio
Format: Section = Libro
Language:Undetermined
Spanish
Published: México Limusa 2003
Subjects:
LEADER 00619nam a2200205Ia 4500
008 240829s9999 xx 000 0 und d
020 |a 968-18-6289-9 
040 |a BIBLIOTECA-RUSB/ 658.314 S715 
041 |a spa 
082 |a 658.314 S715 
100 1 |a Sosa Pulido, Demetrio 
245 1 0 |a Manual de calidad total para operarios con la norma ISO 9000 
260 |a México  |b Limusa  |c 2003 
300 |a 281 p. :il. 
650 7 |a CREATIVIDAD, EFICIENCIA, PRODUCTIVIDAD - CALIDAD 
650 7 |b  CONTROL TOTAL - CALIDAD 
650 7 |c  TRABAJO EN EQUIPO NORMA ISO 9000 OPERARIOS 
942 |c BK  |2 ddc 
991 |a TEXTO 
999 |c 4107